000 00410nam a2200181Ia 4500
005 20250425161429.0
008 250425s9999 xx 000 0 und d
041 _aeng
082 _a621.8672
100 _aHALE, DEAN
245 0 _aOIL/GAS PIPELINING HANDBOOK
250 _a3TH ED.
260 _aEstados Unidos
_bPPEP
_c1975
260 _aTEXAS CITY
300 _a385
942 _c01
010 _a20132
999 _c209098
_d209098